000 00469nam a2200169Ia 4500
005 20250508151247.0
008 008 250505s9999 xx 000 0 eng d
037 _aTextual
040 _aFEDL
_beng
_cFEDL
041 _aeng
_2eng
084 _a910.7, BRI
_qFEDL
245 0 _aGeography teaching
245 0 _cBritish Association for University Advancement of Science
300 _a322-344p
942 _cTEXL
_h910.7, BRI
999 _c1328697
_d1328697